| 000 | 00574nam a22001817a 4500 | ||
|---|---|---|---|
| 003 | OSt | ||
| 008 | 260430b |||||||| |||| 00| 0 eng d | ||
| 082 |
_a635.25891 _bC32E |
||
| 100 | _aChaudhry, Vinit Kumar. | ||
| 245 |
_aEffect of Bio-Fertilizers and Chemical Fertilizers on Growth, Yield and Quality of Onion (Allium cepa L.) / _cby Vinit Kumar Chaudhry |
||
| 260 |
_a.- Sabour, Bhagalpur _b: Bihar Agricultural College, RAU _c, 2008 |
||
| 502 |
_bPh. D. _d2008 |
||
| 650 | _aHorticulture | ||
| 650 | _aOnion | ||
| 650 | _aThesis | ||
| 650 | _aPh. D. | ||
| 942 |
_2ddc _cT |
||
| 999 |
_c50319 _d50319 |
||